000 00828nam a2200217Ia 4500
003 OSt
005 20240319150315.0
008 210210b2004 xxu||||| |||| 00| 0 eng d
040 _cAL
041 _aKannada
082 _aK894.9 GIRS
100 _aGIRADDI GOVINDARAJA. ed.
_dಗಿರಡ್ಡಿ ಗೋವಿಂದರಾಜ
_9155432
245 _aSahitya paribhashika male: Samskratika adhyayana
_bಸಾಹಿತ್ಯ ಪಾರಿಭಾಷಿಕ ಮಾಲೆ : ಸಾಂಸ್ಕೃತಿಕ ಅಧ್ಯಯನ
260 _aBengaluru
_bKarnatka Sahitya Akademi
_c2004
300 _ax,159
650 _aSahitya Paribhashika Male Rahamat Tarikere
_9155433
690 _aKannada Criticism
_9155434
700 _a Rahamat Tarikere.
_dರಹಮತ್ ತರೀಕೆರೆ
_9155435
906 _aSG04648
942 _2ddc
_cBK
999 _c115344
_d115344